000
00244nam a2200097Ia 4500
005
20251222114409.0
008
251222s1900||||xx |||||||||||||| ||spa||
082
_a
DVD0070/R29/1999
245
0
_a
Rebelde sin causa:Rebel without a cause
942
_c
DVD
999
_c
1973
_d
1973